000 00261nam a2200109Ia 4500
008 190216s9999||||xx |||||||||||||| ||und||
100 _aMenon D S
245 0 _aMechanics And Statistical Physics
260 _bWiley Eastern Ltd
650 _aPhysics
942 _cBK
999 _c32944
_d32944